| 000 | 00604nam a22002177a 4500 | ||
|---|---|---|---|
| 003 | OSt | ||
| 005 | 20240628115655.0 | ||
| 008 | 240628b |||||||| |||| 00| 0 eng d | ||
| 020 | _a0415045177 | ||
| 040 | _cMUST | ||
| 082 | _a306.O1 HAN1983 | ||
| 100 |
_aHammersley, Martyn _918333 |
||
| 245 |
_aEthnograpgy : _bprinciples in practice / _cMartyn Hammersley, Paul Atkinson |
||
| 260 |
_aLondon _bRoutledge _c1983 |
||
| 300 |
_ax,273p.: _c21cm. |
||
| 504 | _aIncludes index | ||
| 650 |
_aField work _918334 |
||
| 650 |
_aSocial studies _912766 |
||
| 700 |
_aPaul, Atkinson _918335 |
||
| 942 |
_2ddc _cO_SHELF |
||
| 999 |
_c9017 _d9017 |
||